Formule 1 - Pilotes par images - Statistiques

Statistiques générales
  • Ce quiz a été pris 10 915 fois
  • Le résultat moyen est 18 sur 20
Statistiques - réponses
Par images Réponse % Correct
Lewis Hamilton
100%
Charles Leclerc
99%
Pierre Gasly
99%
Lando Norris
98%
Max Verstappen
97%
Carlos Sainz
96%
Fernando Alonso
96%
Esteban Ocon
95%
Oscar Piastri
95%
Yuki Tsunoda
95%
George Russell
91%
Sergio "Checo" Perez
91%
Valtteri Bottas
91%
Lance Stroll
90%
Nico Hulkenberg
89%
Sebastien Vettel
88%
Daniel Ricciardo
86%
Romain Grosjean
85%
Kevin Magnussen
80%
Kimi Räikkönen
67%
Aucun quiz correspondant
Distribution des résultats
% des personnes avec chaque résultat
Percentile par nombre de réponses
Votre historique - résultats
Vous n’avez pas pris ce quiz